00491 2200181 4500001002100000005001500021035002000036008004100056245008000097100002000177250000600197260004600203300001200249084001400261082000800275650001400283990001200297INLIS00000000000111420250526061054 a0010-0524000349250526 0 ind 1 aTeknik Berhitung Cepat Dengan Beragam Variasi Metode Baru /cMuhammad Jafar aJafar, Muhammad a1 aYogyakarta :bWiyata Karya Pustaka,c2012 a130 hlm a500 MUH t a500 4aNon Fiksi a0744092